El pueblo de Dios. ¿Que es?, ¿Que hace? / (Registro nro. 36700)
[ vista simple ]
| 000 -CABECERA | |
|---|---|
| campo de control de longitud fija | 00517nam a2200157 a 4500 |
| 001 - NÚMERO DE CONTROL | |
| campo de control | 000037210 |
| 005 - FECHA Y HORA DE LA ÚLTIMA TRANSACCIÓN | |
| campo de control | 20200930080217.0 |
| 008 - DATOS DE LONGITUD FIJA--INFORMACIÓN GENERAL | |
| campo de control de longitud fija | 120305s1971 ag 000 0 spa d |
| 040 ## - FUENTE DE LA CATALOGACIÓN | |
| Centro catalogador/agencia de origen | DO-SdBNP |
| Lengua de catalogación | spa |
| Centro/agencia transcriptor | BNPHU |
| 082 ## - NÚMERO DE LA CLASIFICACIÓN DECIMAL DEWEY | |
| Número de clasificación | xxxx |
| Número de documento/Ítem | E23p |
| 100 1# - ENTRADA PRINCIPAL--NOMBRE DE PERSONA | |
| Nombre de persona | Edge, Findley B. |
| 9 (RLIN) | 52923 |
| 245 13 - MENCIÓN DE TÍTULO | |
| Título | El pueblo de Dios. ¿Que es?, ¿Que hace? / |
| Mención de responsabilidad, etc. | Findley B. Edge ; traducción Alfondo Olmedo. |
| 260 ## - PUBLICACIÓN, DISTRIBUCIÓN, ETC. | |
| Lugar de publicación, distribución, etc. | Argentina, : |
| Nombre del editor, distribuidor, etc. | Casa bautista de publicaciones, |
| Fecha de publicación, distribución, etc. | 1971. |
| 300 ## - DESCRIPCIÓN FÍSICA | |
| Extensión | 87 p. ; |
| Dimensiones | 18 cm. |
| 700 1# - PUNTO DE ACCESO ADICIONAL--NOMBRE DE PERSONA | |
| Nombre de persona | Olmedo, Alfonso |
| Término indicativo de función/relación | trad. |
| 9 (RLIN) | 49465 |
| Estado de retiro | Estado de pérdida | Restricciones de uso | No para préstamo | Código de colección | Localización permanente | Ubicación/localización actual | Ubicación en estantería | Fecha de adquisición | Número de inventario | Total de préstamos | Signatura topográfica completa | Código de barras | Fecha visto por última vez | Precio válido a partir de | Tipo de ítem Koha |
|---|---|---|---|---|---|---|---|---|---|---|---|---|---|---|---|
| Excluido de préstamo | Monografías: Libros y Folletos | General | General | En catalogación | 05.03.2012 | LF1 | xxxx E23p | 37210-10 | 25.06.2020 | 25.06.2020 | No se presta |
